| 000 | 00382nam a2200157Ia 4500 | ||
|---|---|---|---|
| 008 | 220204s9999 xx 000 0 und d | ||
| 020 | _a851994598 | ||
| 082 |
_a581.2 _bWAL |
||
| 100 | _aWaller, J M | ||
| 245 | 0 | _aPlant pathologist's pocketbook | |
| 250 | _aEd.3 | ||
| 260 |
_aUK _bCABIPublishing _c2002 |
||
| 650 | _aDisease management | ||
| 650 | _aPlant disease | ||
| 942 | _cBK | ||
| 999 |
_c42670 _d42670 |
||